| 000 | 00853nam a2200253 i 4500 | ||
|---|---|---|---|
| 003 | DO-SdBNP | ||
| 005 | 20231113101204.0 | ||
| 006 | a||||gr|||| 00| 0 | ||
| 007 | ta | ||
| 008 | 231113t1992 dr c||| |||| 00| 0 spa d | ||
| 040 |
_aDO-SdBNP _bspa _cBNPHU _erda |
||
| 082 | 4 |
_222 _bL864c 1992 |
|
| 100 | 1 |
_aLópez Facal, Javier, _927873 _eautor |
|
| 245 | 1 | 0 |
_aConversaciones con Juan el vidente: _bpara comprender mejor el Apocalipsis. / _cJavier López |
| 250 | _a2a. edición | ||
| 264 |
_aSanto Domingo : _bmsc, _c1992 |
||
| 300 |
_a200 páginas : _bIlustraciones, mapas, retratos ; _c23 cm. |
||
| 336 |
_2rdacontent _atexto _btxt |
||
| 337 |
_2rdamedia _asin mediación _bn |
||
| 338 |
_2rdacarrier _avolumen _bnc |
||
| 500 | _aIncluye datos biográficos del autor en la solapa de la cubierta. | ||
| 590 | _aInventariado 2023 / MF | ||
| 942 |
_2ddc _cLBS1 |
||
| 999 |
_c55465 _d55465 |
||